00526nam a2200193Ia 450000500170000000800410001702000100005804000190006804100120008708200170009910000300011624500700014625000160021626000310023230000200026350400190028365000200030285000100032220230325105544.0131103s9999 xx 000 0 und d cRs.10 aLoreto College aEnglish a891.443bCHA aChakrabarty, Subodh Kumar aRamyani bikshyab a bengali travelogue cSubodh Kumar Chakrabarty a9th rev.ed. aKolkatabA.Mukharjeec1971 a340p.b plates. aRajastan parva aBengali fiction aLCLIB